La Cuenca del Pacífico y el siglo XXI : (Registro nro. 4721)

Detalles MARC
000 -CABECERA
Campo de control 00822nam a2200205 i 4500
005 - FECHA Y HORA DE LA ULTIMA TRANSACCION
Campo de control 20160217181308.0
008 - ELEMENTOS DE LONGITUD FIJA—INFORMACION GENERAL
Campo de control 880722s1987 ck 100 0 spa
040 ## - FUENTE DE CATALOGACIÓN
Agencia catalogadora original DLC
Agencia transcriptora DLC
Agencia Modificadora DLC
041 ## - IDIOMA
Código de idioma para texto/pista de sonido o título separado Español
043 ## - GEOGRAPHIC AREA CODE
Geographic area code p------
082 04 - NUMERO DE CLASIFICACION DECIMAL DEWEY
Número de clasificación 551.4614
Número del ítem C96c
245 03 - MENCION DE TITULO
Título La Cuenca del Pacífico y el siglo XXI :
Parte restante del título documento final, Manizales, julio 17 de 1987.
260 ## - PUBLICACION, DISTRIBUCION, ETC. (PIE DE IMPRENTA)
Lugar de publicación, distribución, etc. [Manizales] :
Nombre del editor, distribuidor, etc. [Sin editor]
Fecha de publicación, distribución, etc. [1987]
300 ## - DESCRIPCION FISICA
Extensión 94 páginas ;
Dimensiones 24 cm.
650 14 - ASIENTO SECUNDARIO DE MATERIA - TERMINO TEMATICO
Término temático o nombre geográfico como elemento de entrada Cuenca
Subdivisión de forma Congresos, conferencias, etc.
Subdivisión cronológica Siglo XXI
Subdivisión geográfica Región pacífico
9 (RLIN) 60836
650 24 - ASIENTO SECUNDARIO DE MATERIA - TERMINO TEMATICO
Término temático o nombre geográfico como elemento de entrada Cuencas hidrográficas
Subdivisión cronológica Siglo XXI
Subdivisión geográfica Región pacífico
9 (RLIN) 60837
710 2# - ASIENTO SECUNDARIO - NOMBRE CORPORATIVO
Nombre corporativo o de jurisdicción como elemento de entrada Banco Central Hipotecario (Bogotá, Colombia)
9 (RLIN) 60838
711 2# - ASIENTO SECUNDARIO - NOMBRE DE REUNION
Nombre de la reunión o nombre de la jurisdicción como elemento de entrada Seminario Internacional sobre "La Cuenca del Pacífico y el Siglo XXI"
Fecha de la reunión o firma del tratado (1987 :
Lugar de la reunión Manizales, Colombia)
9 (RLIN) 60839
942 ## - ELEMENTOS ADICIONALES (KOHA)
Sistema de clasificación Dewey Decimal Classification
Tipo de ítem Libro
Existencias
Withdrawn status Lost status Sistema de Clasificación Damaged status No para préstamo Colección Inventariado Ubicación Permanente Ubicación actual Fecha de adquisición Fuente de Valor Valor Total Checkouts Número topográfico Inventario / Código de Barras Date last seen Ejemplar Price effective from Forma de adquisición Tipo de material
    Dewey Decimal Classification     General Inventariado 2017 Bogotá Bogotá 26/07/2005 Instituto 39000.00   LB-551.4614 C96c 019483 04/12/2012 Ej. 1 04/12/2012   Libro